00977nam a2200253 i 450000100060000000300090000600500170001500700030003200800410003502000180007608000210009410000360011524501540015125000120030526000370031730000340035449000440038870000370043270000300046983000520049985200330055199900170058495201220060192004ES-MaACL20230906180857.0t|050316s2001 sp ||||1| spa d a84-8191-363-4 a821.161.1-34"18"1 aChejov, Anton Pavlovich.93831510aCuentos / cAntón Pávlovich Chéjov ; selección y prólogo de José Muñoz Millanes ; traducción del ruso de Víctor Gallego Ballestero. a1ª ed. aValencia : bPre-Textos, c2001. a292 p. : b1 retr. ; c21 cm.1 aPre-textos. Narrativa clásicos ; v111 aMuñoz Millanes, José.9844601 aGallego, Víctor.9535470 aPre-textos. Narrativa clásicos ; v119184237 aES-MaACLjE-10837 bR.135667 c92004d92004 00104070aATENEOMbATENEOMcDEPO2d2008-01-17eSCl0oE-10837p1096064r2023-02-23 00:00:00w2023-02-23yMONOGRAFIA